[Event "Team Championship Russia (Blitz, Men)"]
[Site "Sochi"]
[Date "2018.10.10"]
[Round "9.21"]
[White "Triapishko, Alexandr"]
[Black "Girshgorn, Leonid"]
[Result "1-0"]
[BlackElo "2242"]
[WhiteElo "2560"]
[LiveChessVersion "1.4.8"]

1. Nf3 {[%clk 0:03:03]} d5 {[%clk 0:03:03]} 2. g3 {[%clk 0:03:04]} c6
{[%clk 0:03:04]} 3. Bg2 {[%clk 0:03:05]} Bg4 {[%clk 0:03:06]} 4. c4
{[%clk 0:03:05]} e6 {[%clk 0:03:06]} 5. cxd5 {[%clk 0:03:01]} exd5
{[%clk 0:03:06]} 6. O-O {[%clk 0:03:01]} Nd7 {[%clk 0:03:07]} 7. d3
{[%clk 0:03:00]} Ngf6 {[%clk 0:03:07]} 8. Nc3 {[%clk 0:03:00]} Be7
{[%clk 0:03:05]} 9. h3 {[%clk 0:03:01]} Bxf3 {[%clk 0:03:06]} 10. Bxf3
{[%clk 0:03:00]} O-O {[%clk 0:03:06]} 11. Bg2 {[%clk 0:02:58]} Qb6
{[%clk 0:02:46]} 12. Qc2 {[%clk 0:02:55]} Rad8 {[%clk 0:02:40]} 13. a3
{[%clk 0:02:49]} Rfe8 {[%clk 0:02:37]} 14. b4 {[%clk 0:02:39]} a6
{[%clk 0:02:18]} 15. Rb1 {[%clk 0:02:14]} d4 {[%clk 0:01:09]} 16. Ne4
{[%clk 0:02:03]} Nxe4 {[%clk 0:01:10]} 17. Bxe4 {[%clk 0:02:04]} Nf6
{[%clk 0:01:11]} 18. Bf3 {[%clk 0:02:03]} Nd5 {[%clk 0:01:11]} 19. Bd2
{[%clk 0:01:58]} h6 {[%clk 0:01:10]} 20. Kg2 {[%clk 0:01:46]} Bg5
{[%clk 0:01:06]} 21. Bxg5 {[%clk 0:01:21]} hxg5 {[%clk 0:01:07]} 22. Qc5
{[%clk 0:01:07]} Qc7 {[%clk 0:00:51]} 23. Rbc1 {[%clk 0:00:56]} Qe5
{[%clk 0:00:50]} 24. Rfe1 {[%clk 0:00:39]} Nc3 {[%clk 0:00:44]} 25. Qxe5
{[%clk 0:00:23]} Rxe5 {[%clk 0:00:45]} 26. e4 {[%clk 0:00:19]} a5
{[%clk 0:00:40]} 27. Rc2 {[%clk 0:00:10]} axb4 {[%clk 0:00:40]} 28. axb4
{[%clk 0:00:12]} Rb5 {[%clk 0:00:40]} 29. Bg4 {[%clk 0:00:07]} Rxb4
{[%clk 0:00:39]} 30. e5 {[%clk 0:00:08]} g6 {[%clk 0:00:30]} 31. h4 gxh4
{[%clk 0:00:31]} 32. gxh4 {[%clk 0:00:09]} Nd5 {[%clk 0:00:31]} 33. Kg3
{[%clk 0:00:08]} Rb3 {[%clk 0:00:31]} 34. Rd2 {[%clk 0:00:06]} Nb4
{[%clk 0:00:31]} 35. Red1 {[%clk 0:00:04]} Kg7 {[%clk 0:00:22]} 36. f4
{[%clk 0:00:05]} Ra8 {[%clk 0:00:21]} 37. f5 {[%clk 0:00:04]} gxf5
{[%clk 0:00:21]} 38. Bxf5 {[%clk 0:00:06]} Ra5 {[%clk 0:00:20]} 39. Re1
{[%clk 0:00:05]} Nd5 {[%clk 0:00:19]} 40. Kf3 {[%clk 0:00:04]} Ne3
{[%clk 0:00:19]} 41. Rg1+ {[%clk 0:00:04]} Kf8 {[%clk 0:00:18]} 42. Kf4
{[%clk 0:00:04]} Nd5+ {[%clk 0:00:11]} 43. Ke4 {[%clk 0:00:04]} Ra4
{[%clk 0:00:09]} 44. h5 {[%clk 0:00:04]} Nc3+ {[%clk 0:00:08]} 45. Kf3
{[%clk 0:00:05]} Ke7 {[%clk 0:00:09]} 46. h6 {[%clk 0:00:06]} Ra8
{[%clk 0:00:07]} 47. h7 {[%clk 0:00:07]} Rb1 {[%clk 0:00:05]} 48. Rxb1
{[%clk 0:00:07]} Nxb1 {[%clk 0:00:06]} 49. Rg2 {[%clk 0:00:09]} Nd2+
{[%clk 0:00:03]} 50. Rxd2 {[%clk 0:00:10]} 1-0

[Event "Team Championship Russia (Blitz, Men)"]
[Site "Sochi"]
[Date "2018.10.10"]
[Round "9.22"]
[White "Tsvetkov, Andrey"]
[Black "Jary, Sergey"]
[Result "0-1"]
[BlackElo "2305"]
[WhiteElo "2215"]
[LiveChessVersion "1.4.8"]

1. d4 {[%clk 0:03:02]} Nf6 {[%clk 0:03:02]} 2. c4 {[%clk 0:03:02]} e6
{[%clk 0:03:01]} 3. Nc3 {[%clk 0:03:03]} Bb4 4. e3 d5 {[%clk 0:03:02]} 5. Bd3
{[%clk 0:03:03]} O-O {[%clk 0:03:02]} 6. cxd5 {[%clk 0:03:04]} Qxd5
{[%clk 0:03:02]} 7. Nf3 {[%clk 0:03:00]} c5 {[%clk 0:03:00]} 8. a3
{[%clk 0:02:56]} Bxc3+ {[%clk 0:03:00]} 9. bxc3 {[%clk 0:02:57]} Nc6
{[%clk 0:03:01]} 10. O-O {[%clk 0:02:57]} cxd4 {[%clk 0:02:50]} 11. cxd4
{[%clk 0:02:52]} b6 {[%clk 0:02:37]} 12. a4 {[%clk 0:02:46]} Bb7 {[%clk 0:02:37]}
13. Ba3 {[%clk 0:02:47]} Rfd8 {[%clk 0:02:36]} 14. Qb1 {[%clk 0:02:34]} Na5
{[%clk 0:02:23]} 15. Qa2 {[%clk 0:02:19]} Rac8 {[%clk 0:02:08]} 16. Qxd5
{[%clk 0:01:46]} Bxd5 {[%clk 0:02:06]} 17. Ne5 {[%clk 0:01:26]} Nb3
{[%clk 0:01:49]} 18. Rad1 {[%clk 0:01:26]} Be4 {[%clk 0:01:40]} 19. Bb5
{[%clk 0:01:13]} Bc2 {[%clk 0:01:33]} 20. Be7 {[%clk 0:01:13]} Bxd1
{[%clk 0:01:25]} 21. Bxd8 {[%clk 0:01:10]} Bc2 {[%clk 0:01:15]} 22. Be7
{[%clk 0:01:08]} Nd5 {[%clk 0:01:12]} 23. Bd6 {[%clk 0:00:59]} a5
{[%clk 0:00:57]} 24. Nc6 {[%clk 0:00:40]} Kh8 {[%clk 0:00:45]} 25. Re1
{[%clk 0:00:22]} Nc3 {[%clk 0:00:37]} 26. Ne7 {[%clk 0:00:23]} Ra8
{[%clk 0:00:31]} 27. Bc6 {[%clk 0:00:21]} Ra6 {[%clk 0:00:24]} 28. Bb8
{[%clk 0:00:17]} Bd3 {[%clk 0:00:15]} 29. f3 {[%clk 0:00:08]} b5 {[%clk 0:00:15]}
30. axb5 {[%clk 0:00:07]} Bxb5 {[%clk 0:00:16]} 31. Bxb5 {[%clk 0:00:07]} Nxb5
{[%clk 0:00:18]} 32. Rb1 {[%clk 0:00:08]} a4 {[%clk 0:00:19]} 33. d5
{[%clk 0:00:08]} Nc3 {[%clk 0:00:19]} 34. Rb2 {[%clk 0:00:05]} Nxd5
{[%clk 0:00:19]} 35. Nxd5 {[%clk 0:00:05]} exd5 {[%clk 0:00:20]} 36. Be5
{[%clk 0:00:06]} f6 {[%clk 0:00:21]} 37. Bc3 {[%clk 0:00:07]} h6 {[%clk 0:00:20]}
38. Kf2 Kh7 39. Ke2 {[%clk 0:00:10]} Rc6 40. Kd3 Rc4 {[%clk 0:00:23]} 41. e4
{[%clk 0:00:10]} Rc5 {[%clk 0:00:23]} 42. Bd4 {[%clk 0:00:06]} dxe4+
{[%clk 0:00:24]} 43. fxe4 {[%clk 0:00:06]} Rh5 {[%clk 0:00:25]} 44. h3
{[%clk 0:00:06]} Nxd4 {[%clk 0:00:24]} 45. Kxd4 {[%clk 0:00:08]} Rg5
{[%clk 0:00:25]} 46. Ra2 {[%clk 0:00:06]} Rg3 {[%clk 0:00:24]} 47. e5
{[%clk 0:00:05]} fxe5+ {[%clk 0:00:25]} 48. Kxe5 {[%clk 0:00:07]} a3
{[%clk 0:00:27]} 49. Kf4 {[%clk 0:00:08]} Rb3 {[%clk 0:00:27]} 50. h4
{[%clk 0:00:09]} Kg6 {[%clk 0:00:28]} 51. g4 {[%clk 0:00:09]} h5 {[%clk 0:00:29]}
52. gxh5+ {[%clk 0:00:06]} Kxh5 {[%clk 0:00:30]} 53. Rg2 {[%clk 0:00:07]} Rb4+
{[%clk 0:00:28]} 54. Ke3 {[%clk 0:00:08]} Rg4 {[%clk 0:00:29]} 55. Rc2
{[%clk 0:00:06]} Kxh4 {[%clk 0:00:29]} 56. Rc8 {[%clk 0:00:05]} a2
{[%clk 0:00:26]} 57. Ra8 {[%clk 0:00:06]} Rg2 {[%clk 0:00:27]} 58. Kf3
{[%clk 0:00:08]} Rb2 {[%clk 0:00:27]} 59. Ra4+ {[%clk 0:00:05]} Kh5
{[%clk 0:00:27]} 60. Kg3 {[%clk 0:00:06]} g5 {[%clk 0:00:29]} 61. Ra8
{[%clk 0:00:07]} Kg6 {[%clk 0:00:29]} 62. Ra6+ {[%clk 0:00:07]} Kf5
{[%clk 0:00:30]} 63. Ra5+ {[%clk 0:00:09]} Ke4 {[%clk 0:00:31]} 64. Ra4+
{[%clk 0:00:09]} Kd3 {[%clk 0:00:32]} 65. Ra8 {[%clk 0:00:09]} Kc2
{[%clk 0:00:30]} 66. Rc8+ {[%clk 0:00:04]} Kb1 {[%clk 0:00:31]} 0-1

[Event "Team Championship Russia (Blitz, Men)"]
[Site "Sochi"]
[Date "2018.10.10"]
[Round "9.25"]
[White "Sychev, Klementy"]
[Black "Potapov, Pavel"]
[Result "1/2-1/2"]
[BlackElo "2459"]
[WhiteElo "2638"]
[LiveChessVersion "1.4.8"]

1. e4 {[%clk 0:03:03]} c5 {[%clk 0:03:03]} 2. Nf3 {[%clk 0:03:04]} Nc6
{[%clk 0:03:06]} 3. d4 cxd4 4. Nxd4 {[%clk 0:03:07]} e5 {[%clk 0:03:07]} 5. Nb5
{[%clk 0:03:08]} d6 {[%clk 0:03:07]} 6. a4 {[%clk 0:03:09]} Be7 {[%clk 0:03:03]}
7. N1c3 {[%clk 0:03:10]} a6 {[%clk 0:03:04]} 8. Na3 {[%clk 0:03:10]} Be6
{[%clk 0:03:04]} 9. Bc4 {[%clk 0:03:10]} Nf6 {[%clk 0:02:48]} 10. Bg5
{[%clk 0:03:11]} O-O {[%clk 0:02:40]} 11. Bxf6 {[%clk 0:03:12]} Bxf6
{[%clk 0:02:40]} 12. O-O {[%clk 0:03:12]} Rc8 {[%clk 0:02:29]} 13. Nd5
{[%clk 0:03:12]} Bg5 {[%clk 0:02:14]} 14. Qd3 {[%clk 0:02:55]} Bh6
{[%clk 0:01:59]} 15. c3 {[%clk 0:02:50]} Qh4 {[%clk 0:01:56]} 16. Rad1
{[%clk 0:02:35]} Kh8 {[%clk 0:01:51]} 17. Ne3 {[%clk 0:02:31]} Rcd8
{[%clk 0:01:38]} 18. Rfe1 {[%clk 0:02:03]} Ne7 {[%clk 0:01:39]} 19. Nac2
{[%clk 0:01:22]} Ng6 {[%clk 0:01:37]} 20. g3 {[%clk 0:01:11]} Qh3
{[%clk 0:01:34]} 21. Qf1 {[%clk 0:00:58]} Qxf1+ {[%clk 0:01:27]} 22. Kxf1
{[%clk 0:00:57]} Ne7 {[%clk 0:01:10]} 23. Rd3 {[%clk 0:00:53]} Bh3+
{[%clk 0:01:07]} 24. Kg1 {[%clk 0:00:54]} f5 {[%clk 0:01:06]} 25. exf5
{[%clk 0:00:52]} Nxf5 {[%clk 0:01:06]} 26. Bd5 {[%clk 0:00:53]} b6
{[%clk 0:01:01]} 27. Bg2 {[%clk 0:00:48]} Nxe3 {[%clk 0:01:01]} 28. Nxe3
{[%clk 0:00:48]} Bxe3 {[%clk 0:00:36]} 29. Rexe3 {[%clk 0:00:44]} Bxg2
{[%clk 0:00:36]} 30. Kxg2 {[%clk 0:00:45]} Kg8 {[%clk 0:00:37]} 31. Re2
{[%clk 0:00:42]} Kf7 {[%clk 0:00:36]} 32. Re4 {[%clk 0:00:36]} Ke6
{[%clk 0:00:22]} 33. f4 {[%clk 0:00:35]} Rfe8 {[%clk 0:00:15]} 34. Kf2
{[%clk 0:00:27]} g6 {[%clk 0:00:16]} 35. Rb4 {[%clk 0:00:26]} Rb8
{[%clk 0:00:16]} 36. fxe5 {[%clk 0:00:27]} dxe5 {[%clk 0:00:16]} 37. Ke2
{[%clk 0:00:26]} Rec8 {[%clk 0:00:15]} 38. Rh4 {[%clk 0:00:22]} Rc7
{[%clk 0:00:14]} 39. Kd2 {[%clk 0:00:14]} h5 {[%clk 0:00:15]} 40. Rb4
{[%clk 0:00:11]} b5 {[%clk 0:00:15]} 41. axb5 {[%clk 0:00:11]} Rxb5
{[%clk 0:00:16]} 42. Rxb5 {[%clk 0:00:10]} axb5 {[%clk 0:00:17]} 43. Ke3
{[%clk 0:00:11]} Ra7 {[%clk 0:00:14]} 44. Rd8 {[%clk 0:00:08]} Ra2
{[%clk 0:00:14]} 45. Rd2 {[%clk 0:00:04]} 1/2-1/2

[Event "Team Championship Russia (Blitz, Men)"]
[Site "Sochi"]
[Date "2018.10.10"]
[Round "9.26"]
[White "Sergeyev, Alexander"]
[Black "Demidov, Mikhail"]
[Result "0-1"]
[BlackElo "2522"]
[WhiteElo "2277"]
[LiveChessVersion "1.4.8"]

1. e4 {[%clk 0:03:00]} Nf6 {[%clk 0:03:03]} 2. e5 {[%clk 0:02:59]} Nd5
{[%clk 0:03:04]} 3. d4 {[%clk 0:02:58]} d6 {[%clk 0:03:05]} 4. Bc4
{[%clk 0:02:58]} Nb6 {[%clk 0:03:03]} 5. Bb3 {[%clk 0:02:59]} d5 {[%clk 0:02:47]}
6. Ne2 {[%clk 0:02:40]} Bf5 {[%clk 0:02:38]} 7. Ng3 {[%clk 0:02:34]} Bg6
{[%clk 0:02:31]} 8. f4 {[%clk 0:02:29]} e6 {[%clk 0:02:31]} 9. O-O
{[%clk 0:02:27]} c5 {[%clk 0:02:21]} 10. c3 {[%clk 0:02:07]} c4 {[%clk 0:02:10]}
11. Bc2 {[%clk 0:02:07]} Bxc2 {[%clk 0:02:11]} 12. Qxc2 {[%clk 0:02:08]} g6
{[%clk 0:02:12]} 13. Nd2 {[%clk 0:01:54]} Qc7 {[%clk 0:02:01]} 14. Nf3
{[%clk 0:01:53]} Nc6 {[%clk 0:01:55]} 15. Be3 {[%clk 0:01:37]} Ne7
{[%clk 0:01:56]} 16. Bf2 {[%clk 0:01:35]} h6 {[%clk 0:01:45]} 17. Ne2
{[%clk 0:01:24]} h5 {[%clk 0:01:43]} 18. Bh4 {[%clk 0:01:23]} Nf5
{[%clk 0:01:43]} 19. Bf6 {[%clk 0:01:11]} Rg8 {[%clk 0:01:45]} 20. Qd2
{[%clk 0:01:08]} Be7 {[%clk 0:01:45]} 21. Bxe7 {[%clk 0:01:03]} Qxe7
{[%clk 0:01:46]} 22. Ng5 {[%clk 0:01:02]} O-O-O {[%clk 0:01:14]} 23. b3
{[%clk 0:01:00]} Kb8 {[%clk 0:01:13]} 24. Rfb1 {[%clk 0:00:57]} Ka8
{[%clk 0:01:14]} 25. a4 {[%clk 0:00:45]} cxb3 {[%clk 0:01:15]} 26. Rxb3
{[%clk 0:00:45]} Nc4 {[%clk 0:01:16]} 27. Qd3 {[%clk 0:00:39]} Rd7
{[%clk 0:01:15]} 28. a5 {[%clk 0:00:37]} Rc8 {[%clk 0:01:16]} 29. Rb4
{[%clk 0:00:27]} Rc6 {[%clk 0:01:12]} 30. Nc1 {[%clk 0:00:25]} Rdc7
{[%clk 0:01:02]} 31. Nb3 {[%clk 0:00:24]} Nb2 {[%clk 0:00:58]} 32. Qe2
{[%clk 0:00:22]} Rxc3 {[%clk 0:00:56]} 33. Nc5 {[%clk 0:00:03]} R3xc5
{[%clk 0:00:48]} 34. Qxb2 {[%clk 0:00:04]} Rc2 {[%clk 0:00:48]} 35. Qb3
{[%clk 0:00:04]} Qd7 {[%clk 0:00:30]} 36. a6 {[%clk 0:00:05]} b6 {[%clk 0:00:31]}
37. Rb1 {[%clk 0:00:05]} Qc6 {[%clk 0:00:32]} 0-1

[Event "Team Championship Russia (Blitz, Men)"]
[Site "Sochi"]
[Date "2018.10.10"]
[Round "9.27"]
[White "Afanasiev, Nikita"]
[Black "Belyakov, Bogdan"]
[Result "1/2-1/2"]
[BlackElo "2464"]
[WhiteElo "2543"]
[LiveChessVersion "1.4.8"]

1. c4 {[%clk 0:03:02]} Nf6 {[%clk 0:03:03]} 2. Nc3 {[%clk 0:03:02]} g6
{[%clk 0:03:05]} 3. g3 {[%clk 0:03:03]} Bg7 {[%clk 0:03:06]} 4. Bg2
{[%clk 0:03:04]} O-O {[%clk 0:03:06]} 5. Nf3 {[%clk 0:03:03]} c5 {[%clk 0:03:07]}
6. O-O {[%clk 0:03:03]} Nc6 {[%clk 0:03:08]} 7. d4 {[%clk 0:03:03]} d6
{[%clk 0:03:08]} 8. dxc5 {[%clk 0:02:52]} dxc5 {[%clk 0:03:09]} 9. Be3
{[%clk 0:02:53]} Qa5 {[%clk 0:02:57]} 10. h3 {[%clk 0:02:34]} Be6
{[%clk 0:02:54]} 11. Qa4 {[%clk 0:02:18]} Qxa4 {[%clk 0:02:46]} 12. Nxa4
{[%clk 0:02:19]} Bxc4 {[%clk 0:02:47]} 13. Nxc5 {[%clk 0:02:18]} Bxe2
{[%clk 0:02:10]} 14. Rfe1 {[%clk 0:02:19]} Bc4 {[%clk 0:01:57]} 15. b3
{[%clk 0:01:59]} Bd5 {[%clk 0:01:58]} 16. Nxb7 {[%clk 0:02:00]} Nb4
{[%clk 0:01:46]} 17. Nd4 {[%clk 0:01:24]} Bxg2 {[%clk 0:01:46]} 18. Kxg2
{[%clk 0:01:24]} Nfd5 {[%clk 0:01:47]} 19. Re2 {[%clk 0:01:05]} Nxe3+
{[%clk 0:01:41]} 20. fxe3 {[%clk 0:01:05]} Nd5 {[%clk 0:01:36]} 21. Rc1
{[%clk 0:00:53]} Rac8 {[%clk 0:01:26]} 22. Rc4 {[%clk 0:00:20]} Nb6
{[%clk 0:01:13]} 23. Rcc2 {[%clk 0:00:18]} Nd5 {[%clk 0:01:01]} 24. Rc4
{[%clk 0:00:17]} Bf6 {[%clk 0:00:51]} 25. Kf3 {[%clk 0:00:14]} Nb6
{[%clk 0:00:52]} 26. Rc6 {[%clk 0:00:08]} Rxc6 {[%clk 0:00:50]} 27. Nxc6
{[%clk 0:00:09]} Rc8 {[%clk 0:00:51]} 28. Nba5 {[%clk 0:00:10]} Rc7
{[%clk 0:00:48]} 29. e4 {[%clk 0:00:11]} Bc3 {[%clk 0:00:48]} 30. b4
{[%clk 0:00:09]} f6 {[%clk 0:00:44]} 31. Rc2 {[%clk 0:00:09]} Be5
{[%clk 0:00:42]} 32. a3 {[%clk 0:00:08]} Bd6 {[%clk 0:00:42]} 33. g4
{[%clk 0:00:08]} Nd7 {[%clk 0:00:43]} 34. Rc4 {[%clk 0:00:07]} Kf8
{[%clk 0:00:40]} 35. Ke2 {[%clk 0:00:08]} Nb6 {[%clk 0:00:41]} 36. Rc2
{[%clk 0:00:08]} h5 {[%clk 0:00:42]} 37. Nd4 {[%clk 0:00:07]} Rxc2+
{[%clk 0:00:42]} 38. Nxc2 {[%clk 0:00:08]} hxg4 {[%clk 0:00:42]} 39. hxg4
{[%clk 0:00:09]} Kf7 {[%clk 0:00:41]} 40. Nd4 {[%clk 0:00:10]} Nc8
{[%clk 0:00:40]} 41. Nac6 {[%clk 0:00:10]} e5 {[%clk 0:00:38]} 42. Nb5
{[%clk 0:00:11]} a6 {[%clk 0:00:37]} 43. Nc3 {[%clk 0:00:11]} Ke6
{[%clk 0:00:37]} 44. Kd3 {[%clk 0:00:11]} f5 {[%clk 0:00:37]} 45. gxf5+
{[%clk 0:00:12]} gxf5 {[%clk 0:00:38]} 46. exf5+ {[%clk 0:00:13]} Kxf5
{[%clk 0:00:39]} 47. Ne4 {[%clk 0:00:14]} Ke6 {[%clk 0:00:38]} 48. Na5
{[%clk 0:00:13]} Kd5 {[%clk 0:00:36]} 49. Nc4 {[%clk 0:00:14]} Bc7
{[%clk 0:00:37]} 50. Ne3+ {[%clk 0:00:15]} Kc6 {[%clk 0:00:38]} 51. Kc4
{[%clk 0:00:12]} Nb6+ {[%clk 0:00:39]} 52. Kd3 {[%clk 0:00:12]} Kb5
{[%clk 0:00:36]} 53. Nc3+ {[%clk 0:00:12]} Kc6 {[%clk 0:00:36]} 54. Ke4
{[%clk 0:00:13]} Bd6 {[%clk 0:00:35]} 55. Kd3 {[%clk 0:00:10]} Bc7
{[%clk 0:00:36]} 56. Ng4 {[%clk 0:00:10]} Bb8 {[%clk 0:00:34]} 57. Nf6
{[%clk 0:00:09]} Bc7 {[%clk 0:00:35]} 58. Nfe4 {[%clk 0:00:10]} Bd6
{[%clk 0:00:32]} 59. Nf6 {[%clk 0:00:08]} Be7 {[%clk 0:00:32]} 60. Nfe4
{[%clk 0:00:07]} Bf8 {[%clk 0:00:33]} 61. Nd1 {[%clk 0:00:06]} Kb5
{[%clk 0:00:33]} 62. Nb2 {[%clk 0:00:05]} Be7 {[%clk 0:00:25]} 63. Kc3
{[%clk 0:00:06]} Na4+ {[%clk 0:00:20]} 64. Nxa4 Kxa4 {[%clk 0:00:22]} 65. Kb2
{[%clk 0:00:05]} Bxb4 {[%clk 0:00:21]} 66. axb4 {[%clk 0:00:06]} Kxb4
{[%clk 0:00:23]} 67. Ka2 {[%clk 0:00:06]} Kc4 {[%clk 0:00:23]} 68. Ng5
{[%clk 0:00:07]} Kd4 {[%clk 0:00:23]} 69. Nf3+ {[%clk 0:00:07]} 1/2-1/2

[Event "Team Championship Russia (Blitz, Men)"]
[Site "Sochi"]
[Date "2018.10.10"]
[Round "9.28"]
[White "Savitskiy, Sergey"]
[Black "Kozionov, Kirill"]
[Result "1-0"]
[BlackElo "2442"]
[WhiteElo "2283"]
[LiveChessVersion "1.4.8"]

1. e4 {[%clk 0:03:03]} Nc6 {[%clk 0:03:03]} 2. Nc3 {[%clk 0:03:01]} d6
{[%clk 0:03:00]} 3. d4 {[%clk 0:03:01]} Nf6 {[%clk 0:02:57]} 4. Nge2
{[%clk 0:02:52]} g6 {[%clk 0:02:36]} 5. f3 {[%clk 0:02:52]} Bg7 {[%clk 0:02:25]}
6. Be3 {[%clk 0:02:53]} h5 {[%clk 0:02:20]} 7. Qd2 {[%clk 0:02:49]} a6
{[%clk 0:02:21]} 8. a4 {[%clk 0:02:42]} Bd7 {[%clk 0:01:47]} 9. Nc1
{[%clk 0:02:37]} e5 {[%clk 0:01:15]} 10. Nb3 {[%clk 0:02:27]} O-O
{[%clk 0:00:54]} 11. Be2 {[%clk 0:02:24]} h4 {[%clk 0:00:47]} 12. Rd1
{[%clk 0:01:48]} Nh5 {[%clk 0:00:42]} 13. Nd5 {[%clk 0:01:40]} exd4
{[%clk 0:00:27]} 14. Nxd4 {[%clk 0:01:41]} Ne7 {[%clk 0:00:07]} 15. Bg5
{[%clk 0:01:35]} f6 {[%clk 0:00:08]} 16. Bxh4 {[%clk 0:01:36]} g5
{[%clk 0:00:06]} 17. Nxe7+ {[%clk 0:01:19]} Qxe7 {[%clk 0:00:07]} 18. Bf2
{[%clk 0:01:21]} Rae8 {[%clk 0:00:05]} 19. O-O {[%clk 0:01:17]} Nf4
{[%clk 0:00:06]} 20. Bc4+ {[%clk 0:01:12]} Kh8 {[%clk 0:00:05]} 21. Bg3
{[%clk 0:01:09]} f5 {[%clk 0:00:07]} 22. Nxf5 {[%clk 0:01:06]} Bxf5
{[%clk 0:00:07]} 23. exf5 {[%clk 0:01:07]} Rxf5 {[%clk 0:00:07]} 24. Rfe1
{[%clk 0:01:00]} Re5 {[%clk 0:00:07]} 25. c3 {[%clk 0:00:49]} Qf6
{[%clk 0:00:05]} 26. Rxe5 {[%clk 0:00:44]} Rxe5 {[%clk 0:00:06]} 27. Re1
{[%clk 0:00:38]} Qe7 {[%clk 0:00:06]} 28. Rxe5 {[%clk 0:00:35]} Qxe5
{[%clk 0:00:07]} 29. Bf2 {[%clk 0:00:35]} Qe7 {[%clk 0:00:04]} 30. Bf1
{[%clk 0:00:35]} c6 {[%clk 0:00:04]} 31. Bd4 {[%clk 0:00:25]} Be5
{[%clk 0:00:04]} 32. g3 {[%clk 0:00:24]} Ng6 {[%clk 0:00:03]} 33. Kg2
{[%clk 0:00:22]} Kg7 {[%clk 0:00:04]} 34. Bf2 {[%clk 0:00:21]} Bf6
{[%clk 0:00:04]} 35. Bd3 {[%clk 0:00:21]} Ne5 {[%clk 0:00:05]} 36. Bb1
{[%clk 0:00:21]} d5 {[%clk 0:00:04]} 37. Qc2 {[%clk 0:00:22]} Kg8
{[%clk 0:00:03]} 38. Qf5 {[%clk 0:00:23]} Nd7 {[%clk 0:00:03]} 39. Bd3
{[%clk 0:00:20]} Nf8 {[%clk 0:00:03]} 40. a5 {[%clk 0:00:19]} Kg7
{[%clk 0:00:04]} 41. h4 {[%clk 0:00:15]} gxh4 {[%clk 0:00:05]} 42. g4
{[%clk 0:00:17]} Qe6 {[%clk 0:00:05]} 43. f4 {[%clk 0:00:17]} h3+
{[%clk 0:00:05]} 44. Kxh3 {[%clk 0:00:16]} Qe8 {[%clk 0:00:05]} 45. g5
{[%clk 0:00:14]} Qh5+ 46. Kg2 Be7 {[%clk 0:00:05]} 47. Bd4+ {[%clk 0:00:14]} Kg8
{[%clk 0:00:06]} 48. Qh3 {[%clk 0:00:14]} Qxh3+ 49. Kxh3 {[%clk 0:00:15]} Ne6
{[%clk 0:00:05]} 50. Be5 {[%clk 0:00:16]} Nc5 {[%clk 0:00:04]} 51. Bc2
{[%clk 0:00:15]} Nd7 {[%clk 0:00:04]} 52. Bd4 {[%clk 0:00:15]} c5
{[%clk 0:00:05]} 53. Be3 {[%clk 0:00:15]} Bd8 {[%clk 0:00:05]} 54. Bb3
{[%clk 0:00:15]} c4 {[%clk 0:00:06]} 55. Ba4 {[%clk 0:00:15]} Nb8
{[%clk 0:00:04]} 56. f5 {[%clk 0:00:16]} Bxa5 {[%clk 0:00:03]} 57. Kg4
{[%clk 0:00:15]} b5 {[%clk 0:00:04]} 58. Bc2 {[%clk 0:00:16]} Nc6
{[%clk 0:00:04]} 59. f6 {[%clk 0:00:18]} Bd8 {[%clk 0:00:04]} 60. Kf5
{[%clk 0:00:17]} a5 {[%clk 0:00:03]} 61. g6 {[%clk 0:00:18]} d4 {[%clk 0:00:03]}
62. cxd4 {[%clk 0:00:17]} b4 {[%clk 0:00:04]} 63. Ke6 {[%clk 0:00:13]} b3
{[%clk 0:00:04]} 64. Be4 {[%clk 0:00:14]} Nb4 {[%clk 0:00:05]} 65. f7+
{[%clk 0:00:15]} Kg7 {[%clk 0:00:06]} 66. Bh6+ {[%clk 0:00:15]} 1-0

[Event "Team Championship Russia (Blitz, Men)"]
[Site "Sochi"]
[Date "2018.10.10"]
[Round "9.29"]
[White "Chigaev, Maksim"]
[Black "Chos, Alexey"]
[Result "1-0"]
[BlackElo "2229"]
[WhiteElo "2616"]
[LiveChessVersion "1.4.8"]

1. e4 {[%clk 0:03:03]} c5 {[%clk 0:03:04]} 2. Nf3 {[%clk 0:03:04]} Nc6
{[%clk 0:03:04]} 3. Bb5 {[%clk 0:03:04]} e6 {[%clk 0:03:05]} 4. Bxc6
{[%clk 0:03:04]} bxc6 {[%clk 0:02:55]} 5. d3 {[%clk 0:03:05]} d5 {[%clk 0:02:55]}
6. e5 {[%clk 0:03:01]} Ne7 {[%clk 0:02:50]} 7. c4 {[%clk 0:02:58]} Ng6
{[%clk 0:02:39]} 8. O-O Be7 9. Nc3 {[%clk 0:02:56]} O-O {[%clk 0:02:41]} 10. Na4
{[%clk 0:02:50]} Qc7 {[%clk 0:02:33]} 11. Re1 {[%clk 0:02:46]} Rd8
{[%clk 0:02:29]} 12. Qe2 {[%clk 0:02:33]} Rb8 {[%clk 0:02:15]} 13. b3
{[%clk 0:02:33]} f6 {[%clk 0:02:05]} 14. Ba3 {[%clk 0:02:05]} fxe5
{[%clk 0:02:01]} 15. Bxc5 {[%clk 0:02:02]} Bf6 {[%clk 0:02:01]} 16. Rad1
{[%clk 0:02:01]} Nf4 {[%clk 0:01:54]} 17. Qe3 {[%clk 0:01:56]} Ng6
{[%clk 0:01:51]} 18. Bxa7 {[%clk 0:01:50]} d4 {[%clk 0:01:50]} 19. Bxb8
{[%clk 0:01:50]} Qxb8 {[%clk 0:01:49]} 20. Qe4 {[%clk 0:01:42]} c5
{[%clk 0:01:38]} 21. Qg4 {[%clk 0:01:39]} Qd6 {[%clk 0:01:12]} 22. Nd2
{[%clk 0:01:39]} Bb7 {[%clk 0:01:11]} 23. Ne4 {[%clk 0:01:37]} Bxe4
{[%clk 0:01:11]} 24. Qxe4 {[%clk 0:01:37]} Rf8 {[%clk 0:01:09]} 25. g3
{[%clk 0:01:33]} Ne7 {[%clk 0:01:05]} 26. a3 {[%clk 0:01:24]} Nf5
{[%clk 0:00:57]} 27. Rb1 {[%clk 0:01:23]} Nh6 {[%clk 0:00:51]} 28. b4
{[%clk 0:01:23]} cxb4 {[%clk 0:00:52]} 29. axb4 {[%clk 0:01:23]} Nf7
{[%clk 0:00:53]} 30. h4 {[%clk 0:01:21]} Qe7 {[%clk 0:00:49]} 31. Nc5
{[%clk 0:01:15]} Nd6 {[%clk 0:00:50]} 32. Qg4 {[%clk 0:01:09]} Nf5
{[%clk 0:00:38]} 33. Ne4 {[%clk 0:01:09]} Bxh4 {[%clk 0:00:32]} 34. gxh4
{[%clk 0:00:43]} Nxh4 {[%clk 0:00:31]} 35. Kh1 {[%clk 0:00:43]} Rf4
{[%clk 0:00:32]} 36. Qg5 {[%clk 0:00:40]} Qe8 {[%clk 0:00:19]} 37. Rg1
{[%clk 0:00:34]} Ng6 {[%clk 0:00:08]} 38. Rg2 {[%clk 0:00:23]} Qf8
{[%clk 0:00:05]} 39. b5 {[%clk 0:00:18]} 1-0